Statistics for Most Guessed NFL Teams on JetPunk

Click here to take the quiz!

General Stats

  • This quiz has been taken 168 times
  • The average score is 4 of 5

Answer Stats

%Team% Correct
92New England Patriots
99%
90Dallas Cowboys
73%
89Pittsburgh Steelers
68%
92New York Giants
67%
89New York Jets
58%

Score Distribution

Percentile by Number Answered

Percent of People with Each Score

Your Score History

You have not taken this quiz